[Event "4NCL/Div3/HKF2 vs. SLOS2"]
[Site "Birmingham ENG"]
[Date "2005.11.19"]
[Round "3.1"]
[White "Ghasi, Ameet"]
[Black "Tweedie, Steven"]
[Result "1-0"]
[WhiteElo "2341"]
[BlackElo "2224"]
[PlyCount "81"]
[EventDate "2005.11.19"]
[EventType "team"]
[EventRounds "11"]
[EventCountry "ENG"]
[SourceDate "2005.10.25"]

1. Nf3 d5 2. c4 e6 3. d4 Nf6 4. Nc3 c6 5. e3 Nbd7 6. Qc2 Bd6 7. Bd3 dxc4 8.
Bxc4 b5 9. Bd3 Bb7 10. Ne4 Be7 11. Bd2 a5 12. Rc1 Rc8 13. Nxf6+ Nxf6 14. e4 b4
15. O-O h6 16. Be3 O-O 17. Rfd1 Ng4 18. Qe2 Nxe3 19. fxe3 c5 20. d5 exd5 21.
exd5 Bf6 22. e4 Qb6 23. Bc4 Rfe8 24. Kh1 Qd6 25. b3 Re7 26. Bb5 Qf4 27. Rc4 Qd6
28. Qd3 Rb8 29. Rc2 Bc8 30. h3 Qf4 31. Re2 Qd6 32. Bc6 Rb6 33. Bb5 Rxb5 34. e5
Bxe5 35. Nxe5 Ba6 36. Nc4 Qd8 37. Rxe7 Qxe7 38. d6 Qd8 39. Qd5 Rb8 40. Ne5 Rb7
41. d7 1-0

[Event "4NCL/Div3/HKF2 vs. SLOS2"]
[Site "Birmingham ENG"]
[Date "2005.11.19"]
[Round "3.2"]
[White "Ignacz, Maria"]
[Black "Cooper, Lawrence"]
[Result "1/2-1/2"]
[WhiteElo "2286"]
[BlackElo "2303"]
[PlyCount "27"]
[EventDate "2005.11.19"]
[EventType "team"]
[EventRounds "11"]
[EventCountry "ENG"]
[SourceDate "2005.10.25"]

1. d4 d5 2. c4 c6 3. Nf3 Nf6 4. e3 Bg4 5. Nc3 e6 6. Be2 Nbd7 7. Nd2 Bxe2 8.
Qxe2 Be7 9. O-O O-O 10. e4 dxe4 11. Ndxe4 Nxe4 {=} 12. Nxe4 Nf6 13. Rd1 Nxe4
14. Qxe4 1/2-1/2

[Event "4NCL/Div3/HKF2 vs. SLOS2"]
[Site "Birmingham ENG"]
[Date "2005.11.19"]
[Round "3.3"]
[White "Therrien, Alex"]
[Black "Taylor, Robert M"]
[Result "0-1"]
[WhiteElo "2278"]
[BlackElo "2203"]
[PlyCount "54"]
[EventDate "2005.11.19"]
[EventType "team"]
[EventRounds "11"]
[EventCountry "ENG"]
[SourceDate "2005.10.25"]

1. d4 Nf6 2. c4 g6 3. Nc3 Bg7 4. e4 d6 5. Nf3 O-O 6. Be2 e5 7. Be3 Nc6 8. d5
Ne7 9. Nd2 Nd7 10. O-O f5 11. f3 f4 12. Bf2 g5 13. b4 Nf6 14. Kh1 Ng6 15. c5
Rf7 16. Nc4 Bf8 17. cxd6 cxd6 18. Nb5 g4 19. Bxa7 Rxa7 20. Nxa7 Bd7 21. a4 g3
22. h3 Bxh3 23. gxh3 Qd7 24. Rf2 Qxh3+ 25. Kg1 gxf2+ 26. Kxf2 Qg3+ 27. Kf1 Nxe4
0-1

[Event "4NCL/Div3/HKF2 vs. SLOS2"]
[Site "Birmingham ENG"]
[Date "2005.11.19"]
[Round "3.4"]
[White "Williams, Samuel G"]
[Black "Chipanga, Takaedza"]
[Result "1-0"]
[WhiteElo "2227"]
[BlackElo "2223"]
[PlyCount "103"]
[EventDate "2005.11.19"]
[EventType "team"]
[EventRounds "11"]
[EventCountry "ENG"]
[SourceDate "2005.10.25"]

1. d4 d5 2. c4 c6 3. Nf3 Nf6 4. Nc3 a6 5. a4 e6 6. Bg5 Bb4 7. Qc2 Nbd7 8. e3
Qa5 9. Nd2 c5 10. Bf4 O-O 11. Bd3 Qd8 12. O-O b6 13. Bg5 h6 14. Bh4 Bb7 15.
cxd5 exd5 16. Bf5 Qc7 17. Nf3 c4 18. Bg3 Bd6 19. Bxd6 Qxd6 20. Nd2 Rfe8 21.
Rfe1 Nf8 22. f3 g6 23. Bh3 Re7 24. Rad1 Rae8 25. e4 dxe4 26. Ndxe4 Qf4 27. g3
Qxf3 28. Bg2 Bxe4 29. Nxe4 Qf5 30. Rf1 Nxe4 31. Rxf5 gxf5 32. Qxc4 a5 33. Qd5
f4 34. Rf1 Ng6 35. Re1 Nf6 36. Rxe7 Rxe7 37. Qf5 Kg7 38. gxf4 Re2 39. Qh3 Kh7
40. Qf3 Rxb2 41. Qd3 Kh8 42. Qe3 Nh4 43. Bh3 Rb1+ 44. Kf2 Rb2+ 45. Kg3 Ng6 46.
f5 Nh5+ 47. Kf3 Ngf4 48. Bg4 Kh7 49. f6 Rb4 50. Qe4+ Kh8 51. Qe8+ Kh7 52. Bf5+
1-0

[Event "4NCL/Div3/HKF2 vs. SLOS2"]
[Site "Birmingham ENG"]
[Date "2005.11.19"]
[Round "3.5"]
[White "Burrows, Martin P"]
[Black "Kahar, Krunal"]
[Result "0-1"]
[WhiteElo "2200"]
[BlackElo "2209"]
[PlyCount "148"]
[EventDate "2005.11.19"]
[EventType "team"]
[EventRounds "11"]
[EventCountry "ENG"]
[SourceDate "2005.10.25"]

1. e4 c5 2. Nf3 Nc6 3. d4 cxd4 4. Nxd4 e6 5. Nb5 a6 6. Nd6+ Bxd6 7. Qxd6 Nf6 8.
Nc3 Qe7 9. Bf4 Nh5 10. Qxe7+ Kxe7 11. Be3 b5 12. O-O-O d6 13. Be2 Nf6 14. f3
Bb7 15. Rd2 Rhd8 16. Rhd1 Rac8 17. Kb1 Ne5 {=} 18. Bf4 Ne8 19. a3 Nc4 20. Bxc4
Rxc4 21. Bg5+ f6 22. Be3 Rdc8 23. Bf2 g6 24. Bg3 e5 25. Na2 Ke6 26. b3 R4c7 27.
Re2 Rd7 28. Nb4 Nc7 29. f4 a5 30. Nd3 Na6 31. Be1 a4 32. bxa4 bxa4 33. g3 Rc4
34. Nb2 Rxe4 35. Rxe4 Bxe4 36. Nxa4 Rc7 37. Nc3 Bf5 38. Rc1 d5 39. fxe5 fxe5
40. a4 Nc5 41. Kb2 d4 42. Nb5 Rb7 43. Ka3 Kd5 44. c4+ Kc6 45. Bb4 Rd7 46. Re1
e4 47. Bxc5 Kxc5 48. g4 Bxg4 49. Rxe4 Bf5 50. Re8 Kxc4 51. Rc8+ Kd3 52. Kb4 Ke3
53. a5 d3 54. Re8+ Kf4 55. Nc3 d2 56. a6 Bg4 57. Kb5 d1=Q 58. Nxd1 Bxd1 59. Kc6
Rf7 60. Re1 Bf3+ 61. Kb6 g5 62. a7 {=} Rf8 63. Rb1 h5 64. Rb4+ Kf5 65. Kc7 Ra8
66. Rb5+ Kg4 67. Kb6 Kh4 68. Rf5 g4 69. Re5 Rh8 70. Kc7 Kh3 71. Rb5 Kxh2 72.
Rb8 Rh7+ 73. Kb6 Rxa7 74. Kxa7 Kg3 0-1

[Event "4NCL/Div3/HKF2 vs. SLOS2"]
[Site "Birmingham ENG"]
[Date "2005.11.19"]
[Round "3.6"]
[White "Roberson, Peter T"]
[Black "Buckley, Melanie"]
[Result "1/2-1/2"]
[WhiteElo "2135"]
[BlackElo "2145"]
[PlyCount "105"]
[EventDate "2005.11.19"]
[EventType "team"]
[EventRounds "11"]
[EventCountry "ENG"]
[SourceDate "2005.10.25"]

1. e4 e6 2. d4 d5 3. Nd2 Nf6 4. e5 Nfd7 5. Bd3 c5 6. c3 Nc6 7. Ne2 cxd4 8. cxd4
f6 9. exf6 Nxf6 10. O-O Bd6 11. Nf3 Qc7 12. Bg5 O-O 13. Bh4 g6 14. Bg3 Nh5 15.
Bxd6 Qxd6 16. Bb5 Ne7 17. Qd2 a6 18. Bd3 Nf4 19. Nxf4 Qxf4 20. Qe3 Nc6 21. Rac1
Bd7 22. Ne5 Qxe3 23. fxe3 Nxe5 24. dxe5 Bc6 25. Rxf8+ Kxf8 {=} 26. Kf2 Ke7 27.
Ke2 Kd7 28. Rf1 Ke7 29. g4 Bb5 30. Bxb5 axb5 31. a3 b4 32. Rf3 bxa3 33. Rh3 h5
34. bxa3 Rxa3 35. gxh5 gxh5 36. Rxh5 Kf7 37. Rh7+ {=} Kg6 38. Rxb7 Ra2+ 39. Kd3
Rxh2 40. Kd4 Rc2 41. Rb4 Kf5 42. Kd3 Rh2 43. e4+ Kxe5 44. exd5 exd5 45. Ra4
Rh3+ 46. Kd2 Rb3 47. Rh4 Kd6 48. Kc2 Re3 49. Kd2 Re4 50. Rxe4 dxe4 51. Ke3 Kd5
52. Ke2 Kd4 53. Kd2 1/2-1/2

[Event "4NCL/Div3/HKF2 vs. SLOS2"]
[Site "Birmingham ENG"]
[Date "2005.11.19"]
[Round "3.7"]
[White "Crombleholme, Alan K"]
[Black "Kafka, Graeme"]
[Result "0-1"]
[WhiteElo "2117"]
[BlackElo "2135"]
[PlyCount "50"]
[EventDate "2005.11.19"]
[EventType "team"]
[EventRounds "11"]
[EventCountry "ENG"]
[SourceDate "2005.10.25"]

1. d4 d5 2. c4 c6 3. Nf3 Nf6 4. Nc3 dxc4 5. a4 Bf5 6. e3 e6 7. Bxc4 Bb4 8. O-O
O-O 9. Nh4 Nbd7 10. f3 Bg6 11. Nxg6 hxg6 12. Qb3 Qa5 13. e4 Nb6 14. Be2 c5 15.
Na2 Bd2 16. dxc5 Qxc5+ 17. Kh1 Rfd8 18. Bxd2 Rxd2 19. Rac1 Qd4 20. Nc3 Nxa4 21.
Qxb7 Rd8 22. Nxa4 Rxe2 23. Rc8 Rxc8 24. Qxc8+ Kh7 25. b3 Qf2 0-1

[Event "4NCL/Div3/HKF2 vs. SLOS2"]
[Site "Birmingham ENG"]
[Date "2005.11.19"]
[Round "3.8"]
[White "Purton, Ben J"]
[Black "Parmar, Amisha"]
[Result "0-1"]
[WhiteElo "2107"]
[BlackElo "1960"]
[PlyCount "124"]
[EventDate "2005.11.19"]
[EventType "team"]
[EventRounds "11"]
[EventCountry "ENG"]
[SourceDate "2005.10.25"]

1. e4 c5 2. Nf3 d6 3. Bb5+ Bd7 4. Bxd7+ Qxd7 5. c4 Nf6 6. Nc3 e6 7. O-O Nc6 8.
d4 cxd4 9. Nxd4 Be7 10. Bg5 O-O 11. Nc2 Rac8 12. Ne3 h6 13. Bf4 Rfe8 14. Rc1 e5
15. Bg3 Nd4 16. b3 Qc6 17. Ned5 Nxd5 18. Nxd5 f5 {=} 19. exf5 Nxf5 20. Qg4 Nxg3
21. hxg3 Kh8 22. a4 Rcd8 23. Kh2 Qd7 24. Qxd7 Rxd7 25. Rce1 Bf6 26. f3 Kg8 27.
Re4 Rdd8 28. Kh3 Kf7 29. Rd1 Rd7 30. Rd3 Kf8 31. Rde3 Kf7 32. Re1 Rc8 33. Ra1
Rc6 34. Re2 a5 35. Kg4 Rd8 36. Kf5 g6+ 37. Ke4 Bg7 38. Kd3 e4+ 39. Rxe4 Bxa1
40. Re7+ Kf8 41. Rxb7 Rcc8 42. Nf4 Ke8 43. Nd5 Rd7 44. Rxd7 Kxd7 45. Nb6+ Kc7
46. Nxc8 Kxc8 47. Ke4 Kd7 48. Kd5 {=} Bc3 49. g4 Bd2 50. Ke4 Ke6 51. f4 Bc1 52.
f5+ Kf6 53. g3 gxf5+ 54. gxf5 h5 55. Kd4 Kxf5 56. b4 axb4 57. a5 b3 58. a6 b2
59. a7 b1=Q 60. a8=Q Qb6+ 61. c5 Qxc5+ 62. Kd3 Qa3+ 0-1

[Event "4NCL/Div3/SWD2 vs. SLOS3"]
[Site "Birmingham ENG"]
[Date "2005.11.19"]
[Round "3.1"]
[White "Spice, Alan"]
[Black "Nelson, Omowale"]
[Result "1-0"]
[WhiteElo "2189"]
[BlackElo "2089"]
[PlyCount "73"]
[EventDate "2005.11.19"]
[EventType "team"]
[EventRounds "11"]
[EventCountry "ENG"]
[SourceDate "2005.10.25"]

1. Nc3 d5 2. e4 d4 3. Nce2 c5 4. f4 Nc6 5. Ng3 g6 6. Nf3 Bg7 7. Bb5 Qc7 8.
Bxc6+ Qxc6 9. d3 e6 10. e5 Ne7 11. Ne4 O-O 12. O-O b5 13. Qe1 Nd5 14. a4 Ba6
15. axb5 Bxb5 16. Kh1 a6 17. Bd2 Qb6 18. b3 Ra7 19. Qh4 f5 20. exf6 Nxf6 21.
Nfg5 Qc6 22. Qh3 Re7 23. Rae1 h6 24. Nxf6+ Rxf6 25. Ne4 Rf8 26. Qg4 Kh7 27. Rf3
Qd5 28. Qh4 Rfe8 29. Nf6+ Bxf6 30. Qxf6 Qf5 31. Qh4 Bc6 32. Rh3 Qf8 33. Kg1 Rf7
34. f5 Rxf5 35. Bxh6 Rh5 36. Bxf8 Rxh4 37. Rxh4+ 1-0

[Event "4NCL/Div3/SWD2 vs. SLOS3"]
[Site "Birmingham ENG"]
[Date "2005.11.19"]
[Round "3.2"]
[White "Muter, Donny"]
[Black "Trevelyan, John"]
[Result "1-0"]
[WhiteElo "2085"]
[BlackElo "2186"]
[PlyCount "71"]
[EventDate "2005.11.19"]
[EventType "team"]
[EventRounds "11"]
[EventCountry "ENG"]
[SourceDate "2005.10.25"]

1. d4 d6 2. Nf3 Nd7 3. e4 e5 4. Bc4 c6 5. a4 Be7 6. O-O Ngf6 7. Nc3 O-O 8. Bg5
h6 9. Bh4 Nh7 10. Bg3 Ng5 11. Nxg5 Bxg5 12. Ne2 Qe7 13. c3 Re8 14. Bd3 Bh4 15.
f4 Bxg3 16. Nxg3 Nf6 17. Qd2 Bd7 18. Rf3 Bg4 19. Rf2 Nh5 20. Nxh5 Bxh5 21. fxe5
dxe5 22. Rf5 Bg6 23. Rxe5 Qd7 24. Rxe8+ Rxe8 25. Re1 b6 26. e5 Bxd3 27. Qxd3
Rd8 28. Qc4 Qd5 29. Qxd5 Rxd5 30. Kf2 c5 31. Ke3 cxd4+ 32. cxd4 Kf8 33. Rc1 Ra5
34. b3 b5 35. Rc5 a6 36. Kd3 1-0

[Event "4NCL/Div3/SWD2 vs. SLOS3"]
[Site "Birmingham ENG"]
[Date "2005.11.19"]
[Round "3.3"]
[White "Powell, Lloyd"]
[Black "Varnam, Liam D"]
[Result "1-0"]
[WhiteElo "2184"]
[BlackElo "2066"]
[PlyCount "111"]
[EventDate "2005.11.19"]
[EventType "team"]
[EventRounds "11"]
[EventCountry "ENG"]
[SourceDate "2005.10.25"]

1. d4 d5 2. c4 c6 3. Nf3 Nf6 4. g3 dxc4 5. Bg2 Bf5 6. O-O e6 7. Ne5 Nbd7 8.
Nxc4 Be7 9. Nc3 O-O 10. e4 Bg6 11. Bf4 b5 12. Nd2 Qb6 13. Be3 Bh5 14. Nf3 Ng4
15. Bc1 Rad8 16. Qc2 c5 17. h3 Ngf6 18. d5 exd5 19. e5 Bxf3 20. exf6 Qxf6 21.
Nxd5 Bxd5 22. Bxd5 Ne5 23. Qe4 c4 24. Be3 Nd3 25. b3 Qe5 26. bxc4 bxc4 27. Qxe5
Nxe5 28. Rfd1 Rd7 29. f4 Rfd8 30. fxe5 Rxd5 31. Rxd5 Rxd5 32. Bxa7 Rxe5 33. Rc1
Re4 34. Kf2 f5 35. a4 Bb4 36. Bb6 c3 37. a5 Re8 38. a6 Rc8 39. Rc2 Kf7 40. a7
Ke6 41. Ke3 Kd6 42. Ra2 Ra8 43. Kd3 Bc5 44. Bxc5+ Kxc5 45. Kxc3 Kd5 46. Kd3 g5
47. Ra5+ Ke6 48. Kd4 f4 49. gxf4 gxf4 50. Ke4 Kf6 51. Kxf4 Kg6 52. h4 Rf8+ 53.
Kg4 Ra8 54. Ra6+ Kg7 55. Kg5 h6+ 56. Kh5 1-0

[Event "4NCL/Div3/SWD2 vs. SLOS3"]
[Site "Birmingham ENG"]
[Date "2005.11.19"]
[Round "3.4"]
[White "Duggan, Michael"]
[Black "Brown, Alan M"]
[Result "1-0"]
[WhiteElo "2082"]
[BlackElo "2142"]
[PlyCount "83"]
[EventDate "2005.11.19"]
[EventType "team"]
[EventRounds "11"]
[EventCountry "ENG"]
[SourceDate "2005.10.25"]

1. e4 e6 2. d4 d5 3. e5 c5 4. dxc5 Bxc5 5. Qg4 g6 6. b4 Bf8 7. b5 Qc7 8. Nf3
Nd7 9. Qg3 Bg7 10. Bb2 Qxc2 11. Ba3 Qe4+ 12. Be2 Nxe5 13. Ng5 Qd4 14. O-O h6
15. Rd1 Qxa1 16. Nc3 Qxd1+ 17. Bxd1 hxg5 18. b6 Bd7 19. Na4 Nc4 20. Qc7 axb6
21. Qxb7 Rd8 22. Bc1 Be5 23. Nxb6 Nxb6 24. Qxb6 Rb8 25. Qe3 Bxh2+ 26. Kf1 Bf4
27. Qa7 Bb5+ 28. Kg1 Bh2+ 29. Kh1 Bd6+ 30. Kg1 Bh2+ 31. Kh1 Ne7 32. g3 Nc6 33.
Qc5 Bxg3+ 34. Kg2 Be5 35. a4 Rh2+ 36. Kg1 Bd3 37. Qxc6+ Kf8 38. Ba3+ Kg8 39.
Bd6 Be4 40. f3 Rbb2 41. Qe8+ Kh7 42. Qxf7+ 1-0

[Event "4NCL/Div3/SWD2 vs. SLOS3"]
[Site "Birmingham ENG"]
[Date "2005.11.19"]
[Round "3.5"]
[White "Sully, David"]
[Black "McCarthy, Kevin"]
[Result "1/2-1/2"]
[WhiteElo "2135"]
[BlackElo "2060"]
[PlyCount "44"]
[EventDate "2005.11.19"]
[EventType "team"]
[EventRounds "11"]
[EventCountry "ENG"]
[SourceDate "2005.10.25"]

1. d4 Nf6 2. Nc3 d5 3. Bg5 e6 4. e4 Be7 5. e5 Nfd7 6. h4 h6 7. Be3 a6 8. Qg4 g6
9. Nf3 Nc6 10. O-O-O Bb4 11. Ne2 Qe7 12. Nf4 Nf8 13. Nd3 Bd7 14. Bd2 Bxd2+ 15.
Nxd2 Nb4 16. Nxb4 Qxb4 17. Nb3 b6 18. Rh3 Bb5 19. Qf3 Nd7 20. Qc3 Qxc3 21. Rxc3
Bxf1 22. Rxf1 Rc8 1/2-1/2

[Event "4NCL/Div3/SWD2 vs. SLOS3"]
[Site "Birmingham ENG"]
[Date "2005.11.19"]
[Round "3.6"]
[White "Foster, James J"]
[Black "Miles, Richard"]
[Result "1/2-1/2"]
[WhiteElo "2068"]
[BlackElo "2145"]
[PlyCount "108"]
[EventDate "2005.11.19"]
[EventType "team"]
[EventRounds "11"]
[EventCountry "ENG"]
[SourceDate "2005.10.25"]

1. c4 c5 2. Nc3 Nf6 3. e4 Nc6 4. g3 g6 5. Bg2 Bg7 6. Nge2 d6 7. O-O O-O 8. d3
Nd4 9. Nxd4 cxd4 10. Ne2 Ne8 11. f4 f5 12. exf5 gxf5 13. b4 e5 14. Qb3 Kh8 15.
Bb2 Nc7 16. c5 Be6 17. Qc2 Nd5 18. Bxd5 Bxd5 19. cxd6 Qxd6 20. fxe5 Bxe5 21.
Bxd4 Bxd4+ 22. Nxd4 f4 23. Qc5 Qxc5 24. bxc5 fxg3 25. hxg3 Rxf1+ 26. Kxf1 Re8
27. Kf2 a6 28. a3 Kg7 29. Re1 Rxe1 30. Kxe1 Kf6 31. Kf2 Ke5 32. Ke3 h6 33. Ne2
Bb3 34. Nf4 Kf5 35. d4 Ba4 36. d5 Ke5 37. d6 Bc6 38. Kd3 Bd7 39. Kc4 Bc6 40.
Ng6+ Ke6 41. Ne7 Bb5+ 42. Kb4 Be2 43. Ka5 Bf3 44. Kb6 Kd7 45. Ng8 h5 46. Nf6+
Kd8 47. a4 Kc8 48. Ka7 Be2 49. d7+ Kc7 50. Nd5+ Kxd7 51. Kxb7 Bf3 52. c6+ Kd6
53. Nc3 Bxc6+ 54. Kxa6 Bxa4 1/2-1/2

[Event "4NCL/Div3/SWD2 vs. SLOS3"]
[Site "Birmingham ENG"]
[Date "2005.11.19"]
[Round "3.7"]
[White "van Kemenade, Rudy"]
[Black "Coddington, Oliver"]
[Result "0-1"]
[WhiteElo "2068"]
[BlackElo "1962"]
[PlyCount "102"]
[EventDate "2005.11.19"]
[EventType "team"]
[EventRounds "11"]
[EventCountry "ENG"]
[SourceDate "2005.10.25"]

1. e4 d6 2. d4 Nf6 3. Nc3 c6 4. g3 e5 5. Nge2 Bg4 6. Bg2 b5 7. a3 Nbd7 8. f3
Bh5 9. O-O Be7 10. Be3 a5 11. d5 Qc7 12. g4 Bg6 13. g5 Nh5 14. dxc6 Qxc6 15. f4
f6 16. Nd5 Bd8 17. Nec3 Bb6 18. Nxb6 Nxb6 19. f5 Bf7 20. Bf3 Nc4 21. Bc1 Qc5+
22. Kh1 Nf4 23. Bxf4 exf4 24. e5 Nxb2 25. Qxd6 Qxd6 26. exd6 Ra6 27. Rfe1+ Kd8
28. gxf6 gxf6 29. Nxb5 Rb6 30. a4 Be8 31. Nd4 Rxd6 32. Ne6+ Kc8 33. c4 Bc6 34.
Bxc6 Rxc6 35. c5 Nd3 36. Re2 Re8 37. Rd2 Ne5 38. Rad1 Nc4 39. Rd8+ Rxd8 40.
Rxd8+ Kb7 41. Rd4 Ne3 42. Nd8+ Kc7 43. Nxc6 Kxc6 44. Rd6+ Kxc5 45. Rxf6 f3 46.
Rf8 f2 47. Rc8+ Kd5 48. Rc1 f1=Q+ 49. Rxf1 Nxf1 50. Kg1 Ne3 51. f6 Ke6 0-1

[Event "4NCL/Div3/FCA1 vs. HKFC"]
[Site "Birmingham ENG"]
[Date "2005.11.19"]
[Round "3.1"]
[White "Hetey, Laszlo"]
[Black "Fowler, Simon"]
[Result "1-0"]
[WhiteElo "2322"]
[BlackElo "2202"]
[PlyCount "71"]
[EventDate "2005.11.19"]
[EventType "team"]
[EventRounds "11"]
[EventCountry "ENG"]
[SourceDate "2005.10.25"]

1. d4 d5 2. Nf3 c6 3. c4 e6 4. g3 dxc4 5. Bg2 b5 6. a4 Bb7 7. O-O Nd7 8. b3
cxb3 9. Qxb3 b4 10. a5 c5 11. Rd1 Ngf6 12. Qa4 Qc7 13. Bf4 Qc6 14. Qa2 Nd5 15.
a6 Bc8 16. Ne5 Nxe5 17. Bxe5 c4 18. e4 Nb6 19. d5 Qb5 20. Qb2 Bd7 21. Bxg7 Bxg7
22. Qxg7 O-O-O 23. Nd2 Na4 24. Bf1 Rhg8 25. Qd4 exd5 26. exd5 Rg4 27. Qxa7 Nc3
28. Nxc4 Rxc4 29. Bxc4 Qb8 30. Qc5+ Qc7 31. Qxc7+ Kxc7 32. Re1 Kd6 33. a7 Ra8
34. Ra5 Bg4 35. f4 Bf3 36. Kf2 1-0

[Event "4NCL/Div3/FCA1 vs. HKFC"]
[Site "Birmingham ENG"]
[Date "2005.11.19"]
[Round "3.2"]
[White "Tavoularis, Nicholas"]
[Black "Macdonald-Ross, Michael"]
[Result "0-1"]
[WhiteElo "2211"]
[BlackElo "2233"]
[PlyCount "58"]
[EventDate "2005.11.19"]
[EventType "team"]
[EventRounds "11"]
[EventCountry "ENG"]
[SourceDate "2005.10.25"]

1. Nf3 Nf6 2. g3 d5 3. Bg2 c6 4. d3 Bf5 5. O-O e6 6. Nbd2 Be7 7. c3 h6 8. Qe1
O-O 9. Nh4 Bh7 10. f4 Qb6+ 11. d4 c5 12. e3 Bd3 13. Rf3 g5 14. fxg5 hxg5 15. e4
Bxe4 16. Rxf6 Bxf6 17. Nxe4 dxe4 18. Qxe4 cxd4 19. Nf3 dxc3+ 20. Be3 cxb2 21.
Rf1 Qb5 22. Nd2 Qe5 23. Qf3 Nc6 24. Qf2 Qxe3 25. Qxe3 Bd4 26. Qxd4 Nxd4 27.
Bxb7 Rab8 28. Be4 Rfc8 29. Nb1 Rc1 0-1

[Event "4NCL/Div3/FCA1 vs. HKFC"]
[Site "Birmingham ENG"]
[Date "2005.11.19"]
[Round "3.3"]
[White "Constantinou, Peter"]
[Black "Hagesaether, Arne"]
[Result "1-0"]
[WhiteElo "2137"]
[BlackElo "2177"]
[PlyCount "103"]
[EventDate "2005.11.19"]
[EventType "team"]
[EventRounds "11"]
[EventCountry "ENG"]
[SourceDate "2005.10.25"]

1. g3 d5 2. Bg2 Nf6 3. d3 e6 4. Nf3 Be7 5. O-O Nbd7 6. Nbd2 b6 7. e4 dxe4 8.
Ng5 Bb7 9. Ngxe4 Qc8 10. b3 O-O 11. Bb2 Kh8 12. Qe2 a5 13. a4 Ne8 14. Qh5 Bf6
15. Nxf6 Ndxf6 16. Qe2 Bxg2 17. Kxg2 Qd7 18. Nc4 Qc6+ 19. Qf3 Nd5 20. Ba3 Nd6
21. Nxd6 cxd6 22. c4 Ne7 23. Qxc6 Nxc6 24. Bxd6 Rfd8 25. Bc7 Rxd3 26. Rab1 e5
27. Rfd1 Rc3 28. Rd6 Nd4 29. Rxb6 f6 30. Rb5 h5 31. Rxa5 Rc8 32. Rc5 Rxb3 33.
Rxb3 Nxb3 34. Rb5 Rxc7 35. Rxb3 Rxc4 36. Ra3 Rc6 37. a5 Ra6 38. Kf3 f5 39. Ke3
g5 40. Kd3 Kg7 41. Kc4 e4 42. Kb5 Ra8 43. a6 Kf6 44. Kb6 f4 45. gxf4 gxf4 46.
Kb7 Re8 47. a7 Ke5 48. a8=Q Rxa8 49. Kxa8 Kd4 50. Rh3 e3 51. fxe3+ fxe3 52.
Rh4+ 1-0

[Event "4NCL/Div3/FCA1 vs. HKFC"]
[Site "Birmingham ENG"]
[Date "2005.11.19"]
[Round "3.4"]
[White "Stinton-Brownbridge, Michael"]
[Black "Smith, Graham"]
[Result "1/2-1/2"]
[WhiteElo "2000"]
[BlackElo "2138"]
[PlyCount "66"]
[EventDate "2005.11.19"]
[EventType "team"]
[EventRounds "11"]
[EventCountry "ENG"]
[SourceDate "2005.10.25"]

1. Nf3 d6 2. d4 f5 3. Bf4 Nf6 4. e3 g6 5. Bd3 Bg7 6. Nbd2 O-O 7. Qe2 Nc6 8.
O-O-O Qe8 9. Bb5 Bd7 10. Rhe1 a6 11. Ba4 Kh8 12. Kb1 b5 13. Bb3 e5 14. dxe5
dxe5 15. Bg3 e4 16. Nd4 Ne5 17. c4 c5 18. Bxe5 Qxe5 19. Nxb5 axb5 20. cxb5 Be6
21. Nc4 Bxc4 22. Bxc4 Rfd8 23. Qc2 Rd7 24. a4 Qc7 25. Be6 Rd6 26. Ba2 Rad8 27.
Rxd6 Qxd6 28. a5 Ng4 29. Rc1 Qd2 30. Qxd2 Rxd2 31. Rc2 Rd1+ 32. Rc1 Rd2 33. Rc2
Rd1+ 1/2-1/2

[Event "4NCL/Div3/FCA1 vs. HKFC"]
[Site "Birmingham ENG"]
[Date "2005.11.19"]
[Round "3.5"]
[White "Reuben, Stewart"]
[Black "Forman, Karl L"]
[Result "1-0"]
[WhiteElo "2142"]
[BlackElo "2026"]
[PlyCount "95"]
[EventDate "2005.11.19"]
[EventType "team"]
[EventRounds "11"]
[EventCountry "ENG"]
[SourceDate "2005.10.25"]

1. c4 Nf6 2. g3 e5 3. Bg2 Bc5 4. Nc3 O-O 5. e3 c6 6. Nge2 d5 7. cxd5 cxd5 8. d4
exd4 9. exd4 Bb6 10. Bg5 Be6 11. Bxf6 Qxf6 12. Nxd5 Bxd5 13. Bxd5 Nc6 14. Bxc6
Ba5+ 15. Kf1 Qxc6 16. d5 Qf6 17. Kg2 Bb6 18. Rf1 Qxb2 19. Nf4 Rad8 20. Qf3 Rd6
21. a4 Rf6 22. a5 Bc7 23. Rfb1 Qd4 24. Qe3 Be5 {=} 25. Qxd4 Bxd4 26. Ra4 Bxf2
27. Kxf2 g5 28. Rxb7 Rd8 29. Rxa7 Rxd5 30. a6 Kg7 31. Re7 gxf4 32. a7 fxg3+ 33.
Kxg3 Rg5+ 34. Kh4 Rg1 35. Rg4+ Rxg4+ 36. Kxg4 Ra6 37. Kf4 Kf6 38. Rb7 Ra4+ 39.
Ke3 h6 40. Kd3 Kg7 41. Kc3 h5 42. Kb3 Ra1 43. Kc4 Kg6 44. Kb5 f5 45. Rb6+ Kg5
46. Ra6 Rb1+ 47. Kc6 Rc1+ 48. Kd7 1-0

[Event "4NCL/Div3/FCA1 vs. HKFC"]
[Site "Birmingham ENG"]
[Date "2005.11.19"]
[Round "3.6"]
[White "Bullock, Andrew"]
[Black "Fraser-Mitchell, Jeremy"]
[Result "1-0"]
[WhiteElo "1866"]
[BlackElo "2098"]
[PlyCount "79"]
[EventDate "2005.11.19"]
[EventType "team"]
[EventRounds "11"]
[EventCountry "ENG"]
[SourceDate "2005.10.25"]

1. c4 f5 2. Nc3 Nf6 3. g3 g6 4. Bg2 Bg7 5. d3 d6 6. Rb1 Nc6 7. b4 e5 8. Nf3 O-O
9. O-O h6 10. b5 Ne7 11. a4 g5 12. h4 e4 13. dxe4 fxe4 14. Nxg5 hxg5 15. hxg5
Ng4 16. Nxe4 Qe8 17. f3 Ne5 18. Bb2 Nf5 19. Qc1 Be6 20. g4 Nh4 21. Bxe5 Bxe5
22. f4 Bg7 23. Nf2 Nxg2 24. Kxg2 Bd4 25. Rh1 Qf7 26. e3 Bg7 27. Qc2 Rfe8 28.
Rbc1 Rad8 29. f5 Bc8 30. e4 Bd4 31. Rh4 Bxf2 32. Kxf2 Qg7 33. Rch1 Qd4+ 34. Kf3
b6 35. Rd1 Qe5 36. Rd5 Qg7 37. f6 Qg6 38. Rh6 Qf7 39. Qh2 Bxg4+ 40. Kg3 1-0

[Event "4NCL/Div3/FCA1 vs. HKFC"]
[Site "Birmingham ENG"]
[Date "2005.11.19"]
[Round "3.7"]
[White "Freeman, Richard C P"]
[Black "Hogarth, Mark J"]
[Result "1-0"]
[WhiteElo "2088"]
[BlackElo "1919"]
[PlyCount "71"]
[EventDate "2005.11.19"]
[EventType "team"]
[EventRounds "11"]
[EventCountry "ENG"]
[SourceDate "2005.10.25"]

1. d4 Nf6 2. Bg5 e6 3. Nd2 d5 4. e3 c5 5. c3 cxd4 6. exd4 Be7 7. Bd3 O-O 8.
Ngf3 Nc6 9. O-O Bd7 10. Qe2 Rc8 11. Rfe1 h6 12. Bf4 Nh5 13. Be3 Nf6 14. Ne5 Be8
15. Ng4 Nxg4 16. Qxg4 f5 17. Qh3 f4 18. Qxe6+ Bf7 19. Qf5 g6 20. Qxf4 Bg5 21.
Qg3 Bh4 22. Qh3 Kg7 23. Nf3 Bg5 24. Nxg5 hxg5 25. Qg4 Rh8 26. Bxg5 Qc7 27. h4
Rcf8 28. Re2 Re8 29. Rae1 Nd8 30. Bf4 Qb6 31. Be5+ Rxe5 32. Rxe5 Qxb2 33. Re7
Rh6 34. h5 Qxc3 35. Bxg6 Rxg6 36. Qxg6+ 1-0

[Event "4NCL/Div3/FCA1 vs. HKFC"]
[Site "Birmingham ENG"]
[Date "2005.11.19"]
[Round "3.8"]
[White "Parmar, Jyoti"]
[Black "Utyuzhnikova, Galina"]
[Result "0-1"]
[WhiteElo "1625"]
[BlackElo "2045"]
[PlyCount "40"]
[EventDate "2005.11.19"]
[EventType "team"]
[EventRounds "11"]
[EventCountry "ENG"]
[SourceDate "2005.10.25"]

1. d4 d5 2. e3 Nf6 3. Nf3 Bg4 4. Be2 e6 5. b3 c6 6. Bb2 Bb4+ 7. Nbd2 Ne4 8. a3
Bc3 9. Qc1 Nd7 10. h3 Bh5 11. Bd1 Bxf3 12. Bxc3 Bxg2 13. Rh2 Nxc3 14. Rxg2 Qf6
15. Bf3 e5 16. dxe5 Nxe5 17. Bd1 Nxd1 18. Qxd1 O-O 19. Qb1 Rfe8 20. Qb2 Nd3+
0-1

[Event "4NCL/Div3/PPA2 vs. MIN"]
[Site "Birmingham ENG"]
[Date "2005.11.19"]
[Round "3.1"]
[White "Goodger, Martyn"]
[Black "Radovanovic, Jovica"]
[Result "0-1"]
[WhiteElo "2162"]
[BlackElo "2339"]
[PlyCount "78"]
[EventDate "2005.11.19"]
[EventType "team"]
[EventRounds "11"]
[EventCountry "ENG"]
[SourceDate "2005.10.25"]

1. e4 c6 2. d4 d5 3. e5 c5 4. dxc5 Nc6 5. Bb5 e6 6. Be3 Nge7 7. c3 Bd7 8. Bxc6
Nxc6 9. f4 g5 10. fxg5 Bg7 11. Nf3 Nxe5 12. Nxe5 Bxe5 13. Nd2 Bg7 14. Nf3 Qc7
15. O-O O-O 16. Qd2 Rad8 17. b4 e5 18. Nh4 Be6 19. Rae1 Rfe8 20. h3 Qd7 21. Nf3
d4 22. cxd4 Bc4 23. Rf2 exd4 24. Bf4 Qd5 25. Bd6 Bb5 26. Be7 Rc8 27. Bf6 d3 28.
Bxg7 Kxg7 29. Nh4 Rxe1+ 30. Qxe1 Re8 31. Qc3+ Qe5 32. Qxe5+ Rxe5 33. Nf3 Re4
34. a3 Rc4 35. Ne5 Rc1+ 36. Kh2 Rc2 37. Rxf7+ Kg8 38. Rf1 d2 39. Rd1 Be2 0-1